000 00419nam a22001217a 4500
003 SGT
082 _a320
_bB98S
100 _aशरण, शंकर
245 _a भारत चीन संबंध और तिब्बत :एक पुनर्विचार
260 _bतिब्बती संसदीय एवं निति शोध केंद्र
_c1998
300 _a83
942 _2ddc
_cBK
999 _c31886
_d31886